[Event "4NCL 2023-24"]
[Site "England ENG"]
[Date "2024.02.10"]
[Round "5.4"]
[Board "1"]
[White "Gormally, Daniel W"]
[Black "Dardha, Daniel"]
[Result "0-1"]
[WhiteTitle "GM"]
[BlackTitle "GM"]
[WhiteElo "2415"]
[BlackElo "2628"]
[WhiteTeam "Blackthorne"]
[BlackTeam "Cheddleton"]
[WhiteFideId "406465"]
[BlackFideId "240990"]
[EventDate "2023.11.11"]

1. e4 e5 2. Nf3 Nc6 3. Bb5 a6 4. Ba4 Nge7 5. O-O Ng6 6. c3 d5 7. d4 dxe4 8. Nxe5
Nxe5 9. dxe5 Qxd1 10. Rxd1 Bd7 11. Bc2 Nxe5 12. Bxe4 O-O-O 13. Bf4 Bd6 14. Nd2
Rhe8 15. Bg3 f5 16. Bd5 g5 17. Bxe5 Bxe5 18. Nc4 Bf6 19. g3 Ba4 20. Rd2 Bb5 21.
Ne3 f4 22. Ng4 Bg7 23. Rad1 Rd6 24. c4 Bd7 25. h3 c6 26. Bg2 Rxd2 27. Rxd2 Re1+
28. Bf1 h5 29. Nh2 Bxh3 30. gxf4 gxf4 31. Re2 Rc1 32. Re4 f3 33. Rh4 Bg2 34.
Rxh5 Bxb2 35. Rf5 Ba3 36. Rxf3 Bxf3 37. Nxf3 Rc2 0-1

[Event "4NCL 2023-24"]
[Site "England ENG"]
[Date "2024.02.10"]
[Round "5.4"]
[Board "2"]
[White "Horvath, Dominik"]
[Black "Ledger, Andrew J"]
[Result "0-1"]
[WhiteTitle "IM"]
[BlackTitle "IM"]
[WhiteElo "2534"]
[BlackElo "2334"]
[WhiteTeam "Cheddleton"]
[BlackTeam "Blackthorne"]
[WhiteFideId "1642561"]
[BlackFideId "400610"]
[EventDate "2023.11.11"]

1. e4 c6 2. d4 d5 3. e5 Bf5 4. h4 Qc7 5. c4 e6 6. Nc3 h6 7. g4 Bh7 8. cxd5 cxd5
9. a3 Nc6 10. Nf3 h5 11. gxh5 Nh6 12. Bg5 Be4 13. Bd3 Bxf3 14. Qxf3 Nxd4 15. Qg2
Nhf5 16. Nb5 Qa5+ 17. Bd2 Qb6 18. a4 a6 19. Nxd4 Qxd4 20. Rh3 Rxh5 21. Bc3 Qf4
22. Bxf5 Rxf5 23. Rd1 Rc8 24. Rd4 Rxe5+ 25. Kd1 Re4 26. Rxe4 Qxe4 27. Qg5 d4 0-1

[Event "4NCL 2023-24"]
[Site "England ENG"]
[Date "2024.02.10"]
[Round "5.4"]
[Board "3"]
[White "Ansell, Simon T"]
[Black "Kirk, Ezra"]
[Result "1-0"]
[WhiteTitle "IM"]
[BlackTitle "IM"]
[WhiteElo "2331"]
[BlackElo "2407"]
[WhiteTeam "Blackthorne"]
[BlackTeam "Cheddleton"]
[WhiteFideId "402141"]
[BlackFideId "600067"]
[EventDate "2023.11.11"]

1. e4 e6 2. d4 d5 3. e5 c5 4. c3 Nc6 5. Nf3 Bd7 6. Be2 Nge7 7. Na3 cxd4 8. cxd4
Nf5 9. Nc2 Rc8 10. O-O Be7 11. Bd3 a6 12. g4 Nh4 13. Nxh4 Bxh4 14. Be3 Be7 15.
f4 Na5 16. b3 Rc3 17. Rf3 Qb6 18. Bd2 Rc7 19. Qe1 Nc6 20. Qf2 Na7 21. Rf1 Bb5
22. Ne1 Bxd3 23. Rxd3 f6 24. exf6 Bxf6 25. g5 Be7 26. f5 O-O 27. Qg2 Kh8 28. Qg4
exf5 29. Rxf5 Rcc8 30. Nf3 Rxf5 31. Qxf5 Rf8 32. Qxd5 Nc6 33. Kg2 Bb4 34. Qe4
Bd6 35. g6 h6 36. Ng5 Ne5 37. Rh3 Nxg6 38. Qxg6 Rf2+ 39. Kxf2 Bg3+ 40. Rxg3 Qxg6
41. Nf3 Qc2 42. Rg1 Qxa2 43. b4 b6 44. Rg6 a5 45. Rxb6 axb4 46. Rxb4 Kh7 47. h4
Qd5 48. Ra4 Qb5 49. Ra5 Qb6 50. Re5 Kg8 51. Re2 Qb5 52. Bf4 Qf5 53. Be3 Kf7 54.
Rd2 Qd5 55. Rc2 Qb3 56. Rc5 Qb2+ 57. Kg3 Qa3 58. Bf4 Kf6 59. Be5+ Kg6 60. Rc7
Kf5 61. Rxg7 h5 62. Rf7+ Ke4 63. Rf4+ Kd5 64. Bf6 Qd6 65. Bg5 Qc7 66. Bf6 Qd6
67. Ne5 Qa3+ 68. Rf3 Qc1 69. Nd3 Qg1+ 70. Kf4 Qg4+ 71. Ke3 Qg1+ 72. Ke2 Qg2+ 73.
Rf2 Qe4+ 74. Kd2 Kc4 75. Ne1 Qg6 76. Rf3 Qh6+ 77. Ke2 Qg6 78. Kf2 Qb1 79. Ng2
Qb2+ 80. Kg3 Qb8+ 81. Be5 Qg8+ 82. Kf2 Qg6 83. Ne3+ Kd3 84. Nf5+ Ke4 85. Rf4+
Kd3 86. d5 Qf7 87. Ne3 Qe7 88. Rd4+ Kc3 89. Nc4 Kb4 90. Bd6+ 1-0

[Event "4NCL 2023-24"]
[Site "England ENG"]
[Date "2024.02.10"]
[Round "5.4"]
[Board "4"]
[White "Van Dael, Siem"]
[Black "Bates, Richard A"]
[Result "1/2-1/2"]
[WhiteTitle "FM"]
[BlackTitle "IM"]
[WhiteElo "2320"]
[BlackElo "2318"]
[WhiteTeam "Cheddleton"]
[BlackTeam "Blackthorne"]
[WhiteFideId "1049771"]
[BlackFideId "403555"]
[EventDate "2023.11.11"]

1. e4 c5 2. c3 d6 3. d4 Nf6 4. Bb5+ Bd7 5. Bxd7+ Nbxd7 6. Qe2 Qc7 7. Nf3 cxd4 8.
Nxd4 g6 9. O-O Bg7 10. Bg5 O-O 11. Nd2 a6 12. a4 e5 13. Nc2 d5 14. Nb4 dxe4 15.
Nxe4 Rfe8 16. Rfd1 h6 17. Bh4 Re6 18. a5 Rae8 19. f3 Bf8 20. Nd5 Nxd5 21. Rxd5
Qc6 22. Rad1 Nc5 23. Bf2 Nb3 24. c4 Rc8 25. Nc3 Qxc4 26. Qxc4 Rxc4 27. Rd7 Nxa5
28. R1d5 Bb4 29. h3 Bxc3 30. bxc3 b5 31. Ra7 Rc8 32. Rdd7 Rf6 33. Be3 g5 34. h4
Nc4 35. hxg5 hxg5 36. Bxg5 Rf5 37. Bc1 Nb6 38. Rd3 Na4 39. Bd2 Rf6 40. Rd5 Re6
41. Rdd7 Rf6 42. Bg5 Rg6 43. Bd2 Nxc3 44. Rxf7 Nd5 45. Rfd7 Nf4 46. Bxf4 exf4
47. Rdb7 Rh6 48. Rg7+ Kh8 49. Rgb7 Rc1+ 50. Kf2 Rc2+ 51. Kg1 Rc8 52. Kf2 Rh1 53.
Ke2 Rh2 54. Rxa6 Rxg2+ 1/2-1/2

[Event "4NCL 2023-24"]
[Site "England ENG"]
[Date "2024.02.10"]
[Round "5.4"]
[Board "5"]
[White "Ledger, Dave J"]
[Black "Arkell, Keith C"]
[Result "0-1"]
[WhiteTitle "FM"]
[BlackTitle "GM"]
[WhiteElo "2207"]
[BlackElo "2371"]
[WhiteTeam "Blackthorne"]
[BlackTeam "Cheddleton"]
[WhiteFideId "401986"]
[BlackFideId "400270"]
[EventDate "2023.11.11"]

1. e4 g6 2. d4 Bg7 3. Nc3 a6 4. f4 b5 5. Nf3 Bb7 6. Bd3 d6 7. O-O Nd7 8. Ne2 c5
9. c3 e6 10. f5 e5 11. fxg6 hxg6 12. a4 c4 13. Bc2 f6 14. Be3 Bh6 15. Qd2 Bxe3+
16. Qxe3 Nh6 17. Nh4 Kf7 18. h3 Ng8 19. Qg3 Ne7 20. Rad1 Qc7 21. dxe5 dxe5 22.
Kh1 Rac8 23. Qg5 Kg7 24. Qg4 Nf8 25. Ng3 Re8 26. Ngf5+ Nxf5 27. Nxf5+ Kg8 28.
axb5 axb5 29. Rd6 Kf7 30. Rxf6+ Kxf6 31. Nd6+ Ke7 32. Rf7+ Kxd6 33. Rxc7 Kxc7
34. b3 cxb3 35. Bxb3 Rh7 36. Qe2 Bc6 37. c4 bxc4 38. Qxc4 Rd7 39. Qc5 Kb7 40.
Qb4+ Kc8 41. Bc4 Ne6 42. Qb6 Rc7 43. Bd5 Nd4 44. Kh2 Rd8 45. Qa6+ Kd7 46. Qa5
Rf8 47. Bxc6+ Nxc6 48. Qd5+ Ke7 49. Qc5+ Kf7 50. Qd6 Rfc8 51. h4 Re7 52. Kh3 Nd4
53. Qd5+ Kg7 54. Qd6 Rce8 55. Kg4 Rf7 56. Kh3 Ree7 57. Qc5 Kh7 58. Qd6 Ne6 59.
Kg3 Ng7 60. Qc5 Nh5+ 61. Kh3 Nf6 62. Qc4 Rc7 63. Qd3 Rfd7 64. Qf3 Kg7 65. Qg3
Rc5 66. Qe3 Rc4 67. Qf3 Rcd4 68. Kh2 Rxe4 0-1

[Event "4NCL 2023-24"]
[Site "England ENG"]
[Date "2024.02.10"]
[Round "5.4"]
[Board "6"]
[White "Boswell, Jacob Connor"]
[Black "Duncan, Chris R"]
[Result "1-0"]
[BlackTitle "FM"]
[WhiteElo "2254"]
[BlackElo "2161"]
[WhiteTeam "Cheddleton"]
[BlackTeam "Blackthorne"]
[WhiteFideId "427110"]
[BlackFideId "403091"]
[EventDate "2023.11.11"]

1. d4 d5 2. c4 dxc4 3. e3 Nf6 4. Bxc4 e6 5. Nf3 c5 6. O-O a6 7. Nbd2 cxd4 8.
Nxd4 Bc5 9. N2f3 O-O 10. b3 b6 11. Bb2 Bb7 12. Rc1 Nbd7 13. a3 Qe7 14. b4 Bd6
15. Qb3 Rac8 16. Bxe6 fxe6 17. Nf5 Bxh2+ 18. Nxh2 Qf7 19. Nd6 Bd5 20. Qd3 Rxc1
21. Nxf7 Rxf1+ 22. Nxf1 Kxf7 23. Nd2 Rc8 24. e4 Bb7 25. Nc4 Rc7 26. Nd6+ Kg8 27.
Qh3 Nf8 28. Qg3 Ng6 29. Bxf6 gxf6 30. Nxb7 Rxb7 31. Qc3 Kf7 32. Qc6 1-0

[Event "4NCL 2023-24"]
[Site "England ENG"]
[Date "2024.02.10"]
[Round "5.4"]
[Board "7"]
[White "Varney, Zoe"]
[Black "Eggleston, David J"]
[Result "1-0"]
[WhiteTitle "WCM"]
[BlackTitle "IM"]
[WhiteElo "2105"]
[BlackElo "2341"]
[WhiteTeam "Blackthorne"]
[BlackTeam "Cheddleton"]
[WhiteFideId "436135"]
[BlackFideId "412120"]
[EventDate "2023.11.11"]

1. e4 e6 2. d4 d5 3. Nc3 Nf6 4. e5 Nfd7 5. Nce2 c5 6. c3 cxd4 7. cxd4 f6 8. f4
fxe5 9. fxe5 Qh4+ 10. Ng3 Bb4+ 11. Kf2 O-O+ 12. Nf3 Nc6 13. Be3 Ndxe5 14. dxe5
Nxe5 15. Qd4 Nxf3 16. gxf3 Qe7 17. Rg1 Bd6 18. Rd1 Rf7 19. Be2 Bd7 20. Rg2 Bc6
21. Qg4 Raf8 22. Rdg1 g6 23. Nh5 Kh8 24. Ke1 e5 25. Bh6 Re8 26. Bg5 Qf8 27. Qh4
Bb4+ 28. Kd1 Be7 29. Bxe7 Qxe7 30. Qxe7 Rexe7 31. Ng3 Rd7 32. h4 e4 33. Rf1 Rf4
34. h5 g5 35. h6 e3 36. Bd3 d4 37. Ne4 Rd5 38. Rxg5 Rxg5 39. Nxg5 Be8 40. Nxh7
Bc6 41. Ng5 1-0

[Event "4NCL 2023-24"]
[Site "England ENG"]
[Date "2024.02.10"]
[Round "5.4"]
[Board "8"]
[White "Jarocka, Liwia"]
[Black "Nelson, Jonathan P"]
[Result "1/2-1/2"]
[WhiteTitle "FM"]
[WhiteElo "2200"]
[BlackElo "2134"]
[WhiteTeam "Cheddleton"]
[BlackTeam "Blackthorne"]
[WhiteFideId "21807558"]
[BlackFideId "404195"]
[EventDate "2023.11.11"]

1. e4 e6 2. d4 d5 3. e5 c5 4. c3 Qb6 5. Nf3 Bd7 6. Bd3 Bb5 7. dxc5 Bxc5 8. b4
Bxd3 9. Qxd3 Bf8 10. O-O Nc6 11. Na3 Nge7 12. Be3 Qd8 13. Bc5 Ng6 14. Bxf8 Kxf8
15. Rfe1 h5 16. Rad1 Qe7 17. Nc2 h4 18. c4 dxc4 19. Qxc4 Rh5 20. Qc3 a5 21. b5
Nb4 22. Nxb4 axb4 23. Qc4 Rf5 24. Rd4 h3 25. Nh4 Rg5 26. Nxg6+ Rxg6 27. g3 Kg8
28. Red1 Qg5 29. Qe2 Qf5 30. f4 Rg4 31. Rxb4 g5 32. Rf1 gxf4 33. Rbxf4 Rxf4 34.
Rxf4 Qb1+ 35. Rf1 Qg6 36. Rf4 Qb1+ 37. Rf1 Qg6 38. Rf4 Qb1+ 39. Rf1 1/2-1/2

[Event "4NCL 2023-24"]
[Site "England ENG"]
[Date "2024.02.10"]
[Round "5.5"]
[Board "1"]
[White "Kilpatrick, Callum"]
[Black "Makkar, Rajat"]
[Result "0-1"]
[WhiteTitle "IM"]
[BlackTitle "FM"]
[WhiteElo "2385"]
[BlackElo "2434"]
[WhiteTeam "Celtic Tigers 1"]
[BlackTeam "The Sharks 1"]
[WhiteFideId "414425"]
[BlackFideId "36016810"]
[EventDate "2023.11.11"]

1. e4 e5 2. Nc3 Nf6 3. g3 Bc5 4. Bg2 c6 5. Nge2 d5 6. exd5 cxd5 7. d4 exd4 8.
Nxd4 O-O 9. O-O Bg4 10. Qd3 Nbd7 11. Nb3 d4 12. Ne4 Bb6 13. Bg5 Re8 14. Rfe1 Ne5
15. Qd2 Nxe4 16. Rxe4 Qd7 17. Rae1 Nf3+ 18. Bxf3 Bxf3 19. Rxe8+ Rxe8 20. Rxe8+
Qxe8 21. Qd3 Bc6 22. Bd2 Qe5 23. c4 Be4 24. Qe2 d3 25. Qg4 f5 26. Qf4 Qxb2 27.
c5 Qc2 28. Qe3 Bd8 29. f3 Bg5 30. Qf2 Bxd2 31. Nxd2 Bd5 32. a3 h6 33. Kg2 Qa2
34. Qe3 Qxa3 35. Qd4 Be6 36. g4 a5 37. gxf5 Bf7 38. f6 Qa2 39. Qd8+ Kh7 40.
Qxd3+ Bg6 41. Qd4 gxf6 42. h4 h5 43. Qd7+ Qf7 44. Qa4 Qe7 45. Qxa5 Qe2+ 46. Kg3
Qe1+ 47. Kg2 Qxh4 48. Qc7+ Kh6 49. Nf1 Bf5 50. Ne3 Bh3+ 51. Kh2 Bg4+ 52. Kg1
Qe1+ 53. Nf1 Bh3 54. Qf4+ Kg6 55. Qg3+ Qxg3+ 56. Nxg3 Bd7 57. Kf2 h4 58. Ne4 Bc6
59. Nd6 Kg5 60. Ke3 h3 61. Kf2 Kf4 62. Kg1 Bxf3 63. Kh2 Bg2 64. Nc4 f5 65. Nd6
Kg4 66. Kg1 f4 67. Kf2 Bc6 68. Kg1 f3 69. Nc4 Kg3 0-1

[Event "4NCL 2023-24"]
[Site "England ENG"]
[Date "2024.02.10"]
[Round "5.5"]
[Board "2"]
[White "Fernandez, Daniel Howard"]
[Black "Pein, Malcolm"]
[Result "1/2-1/2"]
[WhiteTitle "GM"]
[BlackTitle "IM"]
[WhiteElo "2532"]
[BlackElo "2274"]
[WhiteTeam "The Sharks 1"]
[BlackTeam "Celtic Tigers 1"]
[WhiteFideId "5801605"]
[BlackFideId "400289"]
[EventDate "2023.11.11"]

1. d4 Nf6 2. g3 g6 3. Bg2 Bg7 4. e4 O-O 5. Nc3 d6 6. Nge2 e5 7. h3 Nc6 8. Be3
Bd7 9. O-O exd4 10. Nxd4 Re8 11. a4 a6 12. f4 Nxe4 13. Bxe4 d5 14. Nxc6 Bxc6 15.
Bd4 Bxd4+ 16. Qxd4 dxe4 17. Qe3 f5 18. b4 Qf6 19. Rad1 b6 20. Kf2 Red8 21. b5
axb5 22. axb5 Bb7 23. Rxd8+ Rxd8 24. Ra1 Ra8 25. Rxa8+ Bxa8 26. Qd2 Kf8 27. Nd1
Ke7 28. Ne3 Qb2 29. g4 fxg4 30. hxg4 Qf6 31. Nc4 Qh4+ 32. Ke3 Qg3+ 33. Kd4 Qg1+
34. Qe3 Qxe3+ 35. Nxe3 h5 36. gxh5 gxh5 37. Nf5+ Kf6 38. Nh4 Bb7 39. c4 Ke6 40.
Ke3 Kf6 41. Kd4 Ke6 42. Ke3 Kd6 43. Kd4 Bc8 44. Kxe4 Kc5 45. f5 Kxc4 46. Ke5
Bxf5 47. Kxf5 Kxb5 48. Kg5 c5 49. Kxh5 c4 50. Ng2 c3 51. Ne1 Kb4 52. Kg4 Kb3 53.
Kf3 c2 54. Nd3 Kc3 55. Ke2 b5 56. Nc1 Kb2 57. Kd2 b4 58. Nd3+ Kb1 59. Nc1 Kb2
60. Nd3+ 1/2-1/2

[Event "4NCL 2023-24"]
[Site "England ENG"]
[Date "2024.02.10"]
[Round "5.5"]
[Board "3"]
[White "Gallana, Marco"]
[Black "Grieve, Harry"]
[Result "0-1"]
[BlackTitle "IM"]
[WhiteElo "2258"]
[BlackElo "2470"]
[WhiteTeam "Celtic Tigers 1"]
[BlackTeam "The Sharks 1"]
[WhiteFideId "824542"]
[BlackFideId "426520"]
[EventDate "2023.11.11"]

1. c4 e6 2. Nf3 d5 3. g3 dxc4 4. Qa4+ Nd7 5. Qxc4 a6 6. Bg2 b5 7. Qc2 Bb7 8. d4
Ngf6 9. Bd2 c5 10. O-O Rc8 11. Qd1 Bd6 12. a4 b4 13. Bg5 c4 14. a5 Qc7 15. Bxf6
Nxf6 16. Ne5 Bxg2 17. Kxg2 Bxe5 18. Qa4+ Nd7 19. dxe5 Qb7+ 20. Kg1 O-O 21. Nd2
Nxe5 22. Rfc1 Rfd8 23. Nf1 h5 24. Rd1 Qb5 25. Ne3 Rxd1+ 26. Qxd1 Qc5 27. h3 g6
28. Rc1 Qxa5 29. Qd4 c3 30. f4 Nc6 31. Qd7 Qc7 32. Qxc7 Rxc7 33. bxc3 Nd4 34.
Kf2 Rxc3 35. Rxc3 bxc3 36. Ke1 c2 37. Kd2 c1=Q+ 38. Kxc1 Nxe2+ 0-1

[Event "4NCL 2023-24"]
[Site "England ENG"]
[Date "2024.02.10"]
[Round "5.5"]
[Board "4"]
[White "Slaby, Jerzy"]
[Black "Horton, Jamie A"]
[Result "1-0"]
[WhiteTitle "IM"]
[WhiteElo "2469"]
[BlackElo "2190"]
[WhiteTeam "The Sharks 1"]
[BlackTeam "Celtic Tigers 1"]
[WhiteFideId "1121405"]
[BlackFideId "421472"]
[EventDate "2023.11.11"]

1. Nf3 Nf6 2. g3 e6 3. Bg2 d5 4. O-O Be7 5. d3 O-O 6. Nbd2 b5 7. e4 c5 8. exd5
exd5 9. c4 a6 10. Qb3 Nc6 11. Re1 Rb8 12. cxb5 axb5 13. Nf1 h6 14. Bf4 Rb6 15.
Ne5 Nd4 16. Qd1 b4 17. h4 Re8 18. Nh2 Bf8 19. Nhf3 Ne6 20. Bd2 Bb7 21. a4 Ba6
22. Bh3 Qb8 23. g4 Nd4 24. g5 Nxf3+ 25. Nxf3 hxg5 26. hxg5 Nh5 27. a5 Rb7 28.
Rxe8 Qxe8 29. Nh2 g6 30. Qf3 Re7 31. Ng4 Re2 32. Be3 Rxb2 33. Qxd5 Qe7 34. Bg2
Rc2 35. Be4 Kh7 36. Kg2 Bc8 37. a6 Qa7 38. Nf6+ Nxf6 39. gxf6 Kg8 40. Bxg6 Be6
41. Bh7+ 1-0

[Event "4NCL 2023-24"]
[Site "England ENG"]
[Date "2024.02.10"]
[Round "5.5"]
[Board "5"]
[White "Pein, Jonathan"]
[Black "Ghasi, Ameet K"]
[Result "0-1"]
[WhiteTitle "FM"]
[BlackTitle "IM"]
[WhiteElo "2235"]
[BlackElo "2485"]
[WhiteTeam "Celtic Tigers 1"]
[BlackTeam "The Sharks 1"]
[WhiteFideId "417092"]
[BlackFideId "409200"]
[EventDate "2023.11.11"]

1. e4 c5 2. Nf3 e6 3. c3 d5 4. e5 d4 5. b4 cxb4 6. cxd4 Nc6 7. Bb2 Nge7 8. Bd3
Nd5 9. O-O Be7 10. a3 Bd7 11. Be4 O-O 12. Re1 a5 13. d3 b5 14. axb4 Ncxb4 15.
Qd2 Nc6 16. Nc3 Bb4 17. Rec1 Bxc3 18. Bxc3 b4 19. Bb2 h6 20. Rc5 Nce7 21. Bc1
Qb6 22. Nh4 Rfc8 23. Qe2 Rxc5 24. dxc5 Qxc5 25. Be3 Qc3 26. Rc1 Qxe5 27. Bxh6
Qf6 28. Bd2 0-1

[Event "4NCL 2023-24"]
[Site "England ENG"]
[Date "2024.02.10"]
[Round "5.5"]
[Board "6"]
[White "Moreby, James"]
[Black "Skulte, Christopher"]
[Result "1-0"]
[WhiteTitle "FM"]
[WhiteElo "2260"]
[BlackElo "2026"]
[WhiteTeam "The Sharks 1"]
[BlackTeam "Celtic Tigers 1"]
[WhiteFideId "427756"]
[BlackFideId "3214044"]
[EventDate "2023.11.11"]

1. Nf3 d5 2. c4 e6 3. g3 Nf6 4. Bg2 dxc4 5. Na3 Bxa3 6. bxa3 Nc6 7. Bb2 O-O 8.
Qc2 Re8 9. Qxc4 e5 10. O-O Be6 11. Qc2 e4 12. Ng5 Bd5 13. f3 Ng4 14. Nxe4 Nge5
15. d3 f5 16. Nf2 f4 17. gxf4 Ng6 18. Qd2 Rxe2 19. Qxe2 Nxf4 20. Qe3 Qg5 21. Ng4
h5 22. Be5 Rf8 23. h4 Qxh4 24. Bxf4 hxg4 25. fxg4 Qxg4 26. Bg3 1-0

[Event "4NCL 2023-24"]
[Site "England ENG"]
[Date "2024.02.10"]
[Round "5.5"]
[Board "7"]
[White "Zulfic, Fedja"]
[Black "Garcia Martin, Marta"]
[Result "0-1"]
[BlackTitle "IM"]
[WhiteElo "2100"]
[BlackElo "2356"]
[WhiteTeam "Celtic Tigers 1"]
[BlackTeam "The Sharks 1"]
[WhiteFideId "3208427"]
[BlackFideId "32084030"]
[EventDate "2023.11.11"]

1. d4 d5 2. Bf4 Nf6 3. e3 c5 4. dxc5 g6 5. Nf3 Bg7 6. Nc3 O-O 7. Be2 Qa5 8. O-O
Qxc5 9. Nd4 Nc6 10. Nb3 Qb6 11. Nxd5 Nxd5 12. Qxd5 Be6 13. Qf3 Bxb2 14. Rab1 Bg7
15. Qg3 Rac8 16. Bf3 Bxb3 17. Rxb3 Qa6 18. Bxc6 Rxc6 19. Be5 f6 20. Bb2 Rxc2 21.
Qf3 b6 22. Qe4 Qe2 23. Qd5+ Kh8 24. Ba3 Rd2 25. Qb5 Qxb5 26. Rxb5 Rxa2 27. Bxe7
Re8 28. Bd6 Rd8 29. Bg3 Bf8 30. h4 Bc5 31. Rc1 Rdd2 32. Kh2 a6 33. Rb3 a5 34. h5
a4 35. Rbb1 Rac2 36. Rxc2 Rxc2 37. h6 Rd2 0-1

[Event "4NCL 2023-24"]
[Site "England ENG"]
[Date "2024.02.10"]
[Round "5.5"]
[Board "8"]
[White "Rendle, Thomas E"]
[Black "Duessler, Stefanie"]
[Result "1-0"]
[WhiteTitle "IM"]
[WhiteElo "2378"]
[BlackElo "2079"]
[WhiteTeam "The Sharks 1"]
[BlackTeam "Celtic Tigers 1"]
[WhiteFideId "408760"]
[BlackFideId "4634780"]
[EventDate "2023.11.11"]

1. d4 f5 2. Nc3 Nf6 3. Bg5 d5 4. Bxf6 exf6 5. e3 Be6 6. Bd3 Qd7 7. Nge2 Nc6 8.
a3 O-O-O 9. Na4 g6 10. b4 Na5 11. Nc5 Bxc5 12. dxc5 Nc4 13. Nd4 Qe7 14. O-O Bd7
15. Qe2 Ne5 16. a4 Rhe8 17. Qd2 Nxd3 18. cxd3 g5 19. Qc3 Qe5 20. b5 c6 21. Rfb1
f4 22. Qb4 cxb5 23. c6 bxc6 24. axb5 fxe3 25. bxc6 exf2+ 26. Kxf2 Qe3+ 27. Kf1
Qf4+ 28. Kg1 Bxc6 29. Nxc6 Qxb4 30. Rxb4 Rd6 31. Rb8+ 1-0

[Event "4NCL 2023-24"]
[Site "England ENG"]
[Date "2024.02.10"]
[Round "5.6"]
[Board "1"]
[White "Chow, Samuel"]
[Black "Royal, Shreyas"]
[Result "0-1"]
[WhiteTitle "FM"]
[BlackTitle "IM"]
[WhiteElo "2356"]
[BlackElo "2457"]
[WhiteTeam "Chessable White Rose 2"]
[BlackTeam "Wood Green Youth"]
[WhiteFideId "3202992"]
[BlackFideId "448869"]
[EventDate "2023.11.11"]

1. d4 Nf6 2. c4 g6 3. Nc3 Bg7 4. Nf3 O-O 5. g3 d5 6. cxd5 Nxd5 7. Bg2 Nxc3 8.
bxc3 Nd7 9. O-O c6 10. Qb3 e5 11. Rd1 Qb6 12. Ba3 Re8 13. e3 exd4 14. cxd4 Nf6
15. Ne5 Be6 16. Qa4 Bd5 17. Nc4 Qc7 18. Rab1 Bxg2 19. Kxg2 b5 20. Qa5 Qd7 21.
Nd2 Qd5+ 22. Kg1 Qxa2 23. Rdc1 Qe6 24. Qa6 Rac8 25. Rc2 Qf5 26. Rbc1 Qd3 27. Nf1
Ne4 28. Rxc6 Rcd8 29. Rc8 h5 30. Be7 Rxc8 31. Rxc8 Qe2 32. Rxe8+ Kh7 33. Qa1
Nxf2 34. h4 Nh3+ 35. Kh1 Qf2 36. Nd2 Qxd2 37. Qf1 Nf2+ 38. Kg1 Ng4 39. Qf3 Qe1+
40. Kg2 Nxe3+ 41. Kh3 Ng4 0-1

[Event "4NCL 2023-24"]
[Site "England ENG"]
[Date "2024.02.10"]
[Round "5.6"]
[Board "2"]
[White "Willow, Jonah B"]
[Black "Townsend, M Paul"]
[Result "1/2-1/2"]
[WhiteTitle "IM"]
[WhiteElo "2446"]
[BlackElo "2160"]
[WhiteTeam "Wood Green Youth"]
[BlackTeam "Chessable White Rose 2"]
[WhiteFideId "438804"]
[BlackFideId "402320"]
[EventDate "2023.11.11"]

1. e4 e6 2. d4 d5 3. Nc3 dxe4 4. Nxe4 Nd7 5. Nf3 Ngf6 6. Bg5 h6 7. Bxf6 Nxf6 8.
Bd3 Bd7 9. Ne5 Bd6 10. Qf3 Bxe5 11. dxe5 Nd5 12. Qg4 Qe7 13. O-O O-O-O 14. c4
Nb4 15. Bb1 Bc6 16. a3 Nd3 17. Bxd3 Rxd3 18. Qxg7 Rhd8 19. Nc3 Qh4 20. Rad1 b6
21. Rxd3 Rxd3 22. Qxf7 Qg4 23. f3 Qd4+ 24. Kh1 Qxc4 25. Rc1 Rd2 26. Qf8+ Kb7 27.
Qxh6 Rxb2 28. Qe3 Rb3 29. a4 Bxa4 30. Qd2 Bc6 31. Ne2 Rd3 32. Qe1 Qb3 33. Rb1
Qc2 34. Rc1 Qb3 35. Rb1 Qc2 36. Rc1 1/2-1/2

[Event "4NCL 2023-24"]
[Site "England ENG"]
[Date "2024.02.10"]
[Round "5.6"]
[Board "3"]
[White "Li, Harry"]
[Black "Durak, Can"]
[Result "0-1"]
[BlackTitle "FM"]
[WhiteElo "2107"]
[BlackElo "2450"]
[WhiteTeam "Chessable White Rose 2"]
[BlackTeam "Wood Green Youth"]
[WhiteFideId "430145"]
[BlackFideId "44552971"]
[EventDate "2023.11.11"]

1. e4 c5 2. Nf3 d6 3. d4 cxd4 4. Nxd4 Nf6 5. Nc3 Nc6 6. Bg5 e6 7. Qd2 a6 8.
O-O-O Bd7 9. Kb1 b5 10. Nxc6 Bxc6 11. f3 h6 12. Be3 Qc7 13. Bd3 Be7 14. g4 Nd7
15. h4 Ne5 16. Qg2 Qb7 17. g5 h5 18. Rhe1 a5 19. Bd4 b4 20. Ne2 Nxd3 21. cxd3 e5
22. Be3 O-O 23. d4 Rac8 24. d5 Ba4 25. Rd2 Rc7 26. f4 Qa6 27. f5 Rfc8 28. f6
Bc2+ 29. Ka1 Bd8 30. fxg7 Qc4 31. Rxc2 Qxc2 32. Qf3 Kxg7 33. Rf1 Kg8 34. g6 f6
35. g7 Qa4 36. Qxh5 Rxg7 37. Qf5 Qd7 38. Ng3 Rc2 39. Qxd7 Rxd7 40. Nf5 Rg2 41.
Rc1 Kh7 42. b3 Rg4 43. Rc4 Kg6 44. a3 Rxe4 45. Rxe4 Kxf5 46. Rc4 bxa3 47. h5 e4
48. h6 Ke5 49. Rc8 f5 50. h7 Rxh7 51. Rxd8 Rh3 52. Bb6 f4 53. Ka2 Kxd5 54. Kxa3
e3 55. Re8 Rh2 56. Bxa5 e2 57. Be1 f3 58. Kb4 Rh1 59. Bf2 Rf1 60. Bg3 Kd4 61.
Kb5 Kd3 62. Rd8 f2 63. Rxd6+ Kc2 64. Bxf2 Rxf2 65. Re6 Kxb3 0-1

[Event "4NCL 2023-24"]
[Site "England ENG"]
[Date "2024.02.10"]
[Round "5.6"]
[Board "4"]
[White "Bazakutsa, Svyatoslav"]
[Black "Arnott, Jonathan W"]
[Result "1/2-1/2"]
[WhiteTitle "IM"]
[BlackTitle "CM"]
[WhiteElo "2462"]
[BlackElo "2113"]
[WhiteTeam "Wood Green Youth"]
[BlackTeam "Chessable White Rose 2"]
[WhiteFideId "14198525"]
[BlackFideId "408077"]
[EventDate "2023.11.11"]

1. c4 e5 2. g3 c6 3. Nf3 e4 4. Nd4 d5 5. d3 exd3 6. Qxd3 Na6 7. Bg2 Nf6 8. Nc3
Be7 9. cxd5 Nb4 10. Qb1 Nbxd5 11. O-O O-O 12. e4 Nxc3 13. bxc3 Bc5 14. Nb3 Bb6
15. Ba3 Re8 16. h3 Qc7 17. Kh2 Be6 18. f4 Bc4 19. Rd1 Rad8 20. Qc2 h5 21. Rxd8
Rxd8 22. Rd1 h4 23. Bf3 hxg3+ 24. Kxg3 Be3 25. Rxd8+ Qxd8 26. Bc1 Qb6 27. Ba3
Qa6 28. Be7 Bd3 29. Qg2 Bf1 30. Qc2 Bd3 31. Qg2 Bf1 32. Qc2 Bd3 1/2-1/2